U.S. Defense Spending How Much is Enough?
Saved in:
| Other Authors: | |
|---|---|
| Format: | Book |
| Language: | English |
| Published: |
New York
Facts on File Pub.
1983
|
| Edition: | 1. ed. |
| Tags: |
No Tags, Be the first to tag this record!
|
MARC
| LEADER | 00000nam a2200000 4500 | ||
|---|---|---|---|
| 001 | c035289 | ||
| 005 | 20221220085841.4 | ||
| 041 | 0 | |a eng | |
| 044 | |a US | ||
| 245 | 1 | 0 | |a U.S. Defense Spending |b How Much is Enough? |c Edit. Carol C. Collins |
| 250 | |a 1. ed. | ||
| 264 | 1 | |a New York |b Facts on File Pub. |c 1983 | |
| 300 | |a 248 s. | ||
| 700 | 1 | |a Collins, Carol C. | |